000 00348nam a2200145Ia 4500
008 100122s9999 xx 000 0 und d
082 _b21623
_a927
100 _aCHAPLIN CHARLES
245 _aMY AUTOBIOGRAPHY
260 _bSIMON & SCHUSTER
_c1964
300 _a338
630 _aMY AUTOBIOGRAPHY
730 _aMY AUTOBIOGRAPHY
942 _cBOOK
999 _c366889
_d366886